000 00867nmm a2200277 a 4500
003 AR-BaBNM
005 20251128211711.0
008 155120s2004 ||||||||||||||000 | spa||
020 _a987-9020-38-3
040 _cAR-BaBNM
245 1 0 _aConstruyendo sociedad y política
_blos proyectos de los movimientos sociales en acción
250 _a1ª ed.
260 _aBuenos Aires
_bJorge Baudino Ediciones
_c2004
_bUniversidad Nacional de San Martín
300 0 _a109 p.
610 2 4 _aMovimiento de Trabajadores Desocupados
650 4 _aCOOPERATIVAS
650 4 _aDESEMPLEO
653 0 _aASAMBLEAS BARRIALES
653 _aSOCIEDAD CIVIL
700 1 _aDi Marco, Graciela
_ecompilador
700 1 _aPalomino, Héctor
_ecompilador
700 1 _aGiarracca, Norma
_ecomentarios
700 1 _aBergel, Pablo
_ecomentarios
942 _cBK
998 _cme-solo cat
999 _c20773
_d20773